000 00915nam a2200253 a 4500
001 BRCA_6492
005 20190320205458.0
008 260911s1920----gw-#######---#000-0#eng-#
041 _aeng
044 _agw
050 4 _aPZ3
_b.B75 9 1920
100 1 _aLee, Vernon
_d1856-1935
_916226
245 1 0 _aLouis Norbert
_ba two-fold romance
_cby Vernon Lee [pseud.].
260 _aLeipzig, Alemania
_bBernhard Tauchnitz
_c1920
300 _a247 p.
_c17 cm.
440 0 _aCollection of British authors. Tauchnitz edition
_vv. 4535
_916227
500 _aEn la cubierta: Collection of British and American authors
500 _aEstado físico: Primer cuadernillo desprendido, costura floja
500 _aVer también CEF6, H144, L2, L15, L16, L17, L18, L19, L20, L23, L24, L25, L26, L27, L32, L166, N9, N11, N12, N13 y N17
500 _aL22
650 1 4 _aLiteratura inglesa
_916228
902 _aGFM
942 _2lcc
_cB
999 _c6176
_d6176